000 00652nam a22002177a 4500
005 20251108173635.0
008 250721s2002 xx 000 0 ara d
020 _a995328010x
082 1 4 _aم/ط/574/موس
100 1 _aأنطونيوس، فريد
_eمترجم
245 1 0 _aموسوعة لاروس مغامرات الحياة /
264 1 _aبيروت :
_bعويدات للنشر و الطباعة،
_c2002.
300 _a95ص
490 0 _aشبابنا
650 1 7 _aعلوم الحياة
650 1 7 _aالنمو
650 1 7 _aالتطور
653 _aناشئون كبار (15-18) سنة
942 _2ddc
_cREF
999 _c108783
_d108783